00651cam a22002531 4500001001300000003000400013005001700017008004100034010001700075025002000092035002000112040002100132042001200153050002400165100002400189245002100213260001100234300001900245500001600264500005400280600002800334740001800362999001700380sa 68001967 DLC20260227112438.0940912s1967 ii 000 0 pano  asa 68001967  aPL480:I-Pu-1011 a(OCoLC)31091805 aDLCcCUdCUdDLC apremarc00aPK2659.K45bA8 19671 aKhanna, Guranditta.10aJaga-prakāsha. c[1967] a140 p.c18 cm. aIn Panjabi. aPrevious ed. published under title: Amara Jotī.00aGautama BuddhavPoetry.0 aAmara Jotī. c78352d78352